| 000 | 00539cam a2200193 a 4500 | ||
|---|---|---|---|
| 020 | _a1856691152 | ||
| 040 | _cDLC | ||
| 082 | _a954 ALE 1997 A100 Or. | ||
| 100 | 1 | _aZebrowski, Mark. | |
| 245 | 1 | 0 | _aGold, silver & bronze from Mughal India / |
| 246 | 3 | _aGold, silver and bronze | |
| 260 |
_aLondon : _bAlexandria Press in association with Laurence King, _c1997. |
||
| 300 |
_a367 p. : _bill. (some col.) ; _c31 cm. |
||
| 650 | 0 | _aArt, Mogul Empire. | |
| 650 | 0 | _aMetal-work | |
| 650 | 0 | _aArt | |
| 650 | 0 | _aIslamic art. | |
| 942 | _cEK | ||
| 999 |
_c12864 _d12864 |
||